<?xml version="1.0" encoding="UTF-8"?>
<marc:record xmlns:marc="http://www.loc.gov/MARC21/slim">
   <marc:leader>00000nam a2200000 a 4500</marc:leader>
   <marc:datafield ind1="1" ind2=" " tag="100">
      <marc:subfield code="a">Waechter, Philip</marc:subfield>
      <marc:subfield code="4">aut</marc:subfield>
      <marc:subfield code="e">Verfasser/-in</marc:subfield>
   </marc:datafield>
   <marc:datafield ind1="0" ind2="0" tag="245">
      <marc:subfield code="a">Ein Tag mit Freunden</marc:subfield>
   </marc:datafield>
   <marc:datafield ind1="0" ind2="0" tag="245">
      <marc:subfield code="c">Philip Waechter</marc:subfield>
   </marc:datafield>
   <marc:datafield ind1=" " ind2="1" tag="264">
      <marc:subfield code="a">Weinheim</marc:subfield>
      <marc:subfield code="b">Beltz &amp; Gelberg</marc:subfield>
      <marc:subfield code="c">2021</marc:subfield>
   </marc:datafield>
   <marc:datafield ind1="1" ind2=" " tag="520">
      <marc:subfield code="a">Quelle: 1000 und 1 Buch (http://www.1001buch.at/); #Autor: Martina Adelsberger; #Aus Langeweile entstehen oft die schönsten Dinge  oder Tage: Alles beginnt damit, dass dem Waschbär die Zeit lang wird. Er versucht sie mit einem Buch und Sport zu verkürzen, aber leider ohne Wirkung. Wenn beides nicht hilft und vielleicht noch Trübsinn dazukommt, sollte man sich einen Apfelkuchen backen. Dazu fehlen aber Eier, die sich Waschbär von Fuchs leihen möchte, der muss jedoch sein Dach reparieren, hat keine Leiter, mit der wiederum der Dachs aushelfen könnte, der seinerseits ein Problem mit dem Kreuzworträtsel hat, bei dem ihm Bär helfen könnte#Ein Tag mit Freunden ist ein leichtfüßiges Buch, das Lust macht, in den Tag hinein zu leben und sich treiben zu lassen. Es weist darauf hin, dass sich Probleme nicht nur besser gemeinsam lösen lassen, sondern das gemeinsame Tun Unerwartetes und Schönes bringen kann.#Die Illustrationen vermitteln eine Zart- und Verspieltheit gepaart mit moderner ländlicher Idylle. Stilistisch erinnern sie ein wenig an die Ohne-Wort-Bücher von Thé Tjong-Khing. Die Spannbreite reicht von Bildern großflächiger weiter Räume bis zur Darstellung kleiner Szenen mit vielen Details. Die Geschichte führt Waschbär in einem Bogen immer weiter weg von seinem Ziel einen Apfelkuchen zu backen, nach dem Höhepunkt  dem Bad im Bach  nähert er sich dem wieder in umgekehrter Reihenfolge. Und am Ende gibt es nicht nur köstliche Mehlspeise, auch von Langeweile ist keine Spur mehr zu spüren.## ---- #Quelle: bn.bibliotheksnachrichten (http://www.biblio.at/literatur/bn/index.html); #Autor: Sandra Brugger; #Gute-Laune-Freundschaftsbuch. (ab 4) (JD)#Farbenfroh und liebevoll erzählt Philipp Waechter von fünf tierischen Freunden, die einen sonnigen Tag miteinander verbringen. Alles beginnt damit, dass sich Waschbär langweilt, aber er weiß Rat und besucht seinen Freund Fuchs. Dieser wiederum benötigt zur Reparatur seines Hauses eine Leiter, die die beiden bei Dachs ausborgen wollen. Dachs ist gerade dabei ein Kreuzworträtsel zu lösen  die Antwort weiß wohl nur Bär, der die nächste Anlaufstelle ist, zu dem sie Krähe führt.#So ergibt sich ein herrlicher Angel- und Badetag, an dem Früchte genascht, Langeweile vertrieben und gemeinsam alle Probleme gelöst werden.#Ein wundervoll buntes, positives Freundschaftsbuch für Leser*innen ab vier Jahren!</marc:subfield>
   </marc:datafield>
   <marc:datafield ind1=" " ind2=" " tag="020">
      <marc:subfield code="a">9783407754967</marc:subfield>
      <marc:subfield code="9">9783407754967</marc:subfield>
   </marc:datafield>
   <marc:datafield ind1=" " ind2=" " tag="041">
      <marc:subfield code="a">ger</marc:subfield>
   </marc:datafield>
   <marc:datafield ind1=" " ind2=" " tag="300">
      <marc:subfield code="a">28 ungezählte Seiten</marc:subfield>
   </marc:datafield>
</marc:record>
